Návrh riešenia na zlepšenie riadenia projektov v podniku MATADOR Automation, s. r. o.

Na minha lista:
Detalhes bibliográficos
Autor principal: Majtán, Filip (Author)
Outros Autores: Samáková, Jana (Thesis advisor)
Formato: Manuscrito Livro
Idioma:eslovaco
Publicado em: 2023
Assuntos:
Acesso em linha:http://is.stuba.sk/zp/portal_zp.pl?podrobnosti=172048
Tags: Adicionar Tag
Sem tags, seja o primeiro a adicionar uma tag!

MARC

LEADER 00000ntm a22000003a 4500
001 stuzp93561
003 SK-STU
005 20230909215427.6
007 ta
008 150427s2015----xo-----f-mn---000-0-slo-d
040 |a STU  |b slo 
041 0 |a slo 
100 1 |a Majtán, Filip  |u 064000  |4 aut  |U MTF Materiálovotechnologická fakulta  |T MTF Ústav priemyselného inžinierstva a manažmentu  |X 117437  |U M4000  |Y 84  |7 117437 
242 0 1 |a Design of a solution to improve project management at MATADOR Automation, s. r. o.  |y eng 
245 1 0 |a Návrh riešenia na zlepšenie riadenia projektov v podniku MATADOR Automation, s. r. o. 
260 |c 2023 
650 4 |a Projektový tím  |2 slo 
650 4 |a Reklamácie  |2 slo 
650 4 |a Konštrukčné chyby  |2 slo 
650 4 |a Projektový manažment  |2 slo 
650 4 |a Projekt  |2 slo 
650 4 |a Project Management  |2 eng 
650 4 |a Project  |2 eng 
650 4 |a Project Team  |2 eng 
650 4 |a Claims  |2 eng 
650 4 |a Construction defects  |2 eng 
700 1 |a Samáková, Jana  |u 064000  |k Z1  |4 ths  |U MTF Materiálovotechnologická fakulta  |T MTF Ústav priemyselného inžinierstva a manažmentu  |X 33101  |U M4000  |Y 84  |7 A000033101 
856 4 |u http://is.stuba.sk/zp/portal_zp.pl?podrobnosti=172048 
996 |c M* DP-15180  |l MMSKP  |s P  |a 0  |w stuzp93561_0001